إنسان و الطاقة / (رقم التسجيلة. 81119)

تفاصيل مارك
000 -LEADER
fixed length control field 00709nam a22002297a 4500
005 - DATE AND TIME OF LATEST TRANSACTION
control field 20251108172515.0
008 - FIXED-LENGTH DATA ELEMENTS--GENERAL INFORMATION
fixed length control field 250721s9999 xx 000 0 ara d
082 14 - DEWEY DECIMAL CLASSIFICATION NUMBER
Classification number 333.79برا
100 1# - MAIN ENTRY--PERSONAL NAME
Personal name برادعي، زكريا أحمد
245 10 - TITLE STATEMENT
Title إنسان و الطاقة /
264 1# - PRODUCTION, PUBLICATION, DISTRIBUTION, MANUFACTURE, AND COPYRIGHT NOTICE
Place of production, publication, distribution, manufacture القاهرة :
Name of producer, publisher, distributor, manufacturer الهيئة المصرية العامة للكتاب،
300 ## - PHYSICAL DESCRIPTION
Extent
490 0# - SERIES STATEMENT
Series statement سلسلة العلم و الحياة;110
650 17 - SUBJECT ADDED ENTRY--TOPICAL TERM
Topical term or geographic name as entry element الطاقة
650 17 - SUBJECT ADDED ENTRY--TOPICAL TERM
Topical term or geographic name as entry element الطاقة الشمسية
650 17 - SUBJECT ADDED ENTRY--TOPICAL TERM
Topical term or geographic name as entry element القوة المائية
650 17 - SUBJECT ADDED ENTRY--TOPICAL TERM
Topical term or geographic name as entry element طاقةالرياح
650 17 - SUBJECT ADDED ENTRY--TOPICAL TERM
Topical term or geographic name as entry element تكنولوجيا الطاقة
653 ## - INDEX TERM--UNCONTROLLED
Uncontrolled term الإنسان
942 ## - ADDED ENTRY ELEMENTS (KOHA)
Source of classification or shelving scheme Dewey Decimal Classification
Koha item type كتب
المقتنيات
حالة السحب حالة الفقدان مصدر التصنيف حالة التلف غير قابل للإعارة المكتبة الرئيسية المكتبة الحالية موقع الرف تاريخ التزويد الرقم المتسلسل Total Checkouts رقم الإستدعاء الباركود تاريخ آخر ظهور تاريخ الفاتورة نوع المادة (كوها)
    Dewey Decimal Classification     المكتبة المركزية المكتبة المركزية الإعارة 16/11/2016 1650089   333.79برا PLD00399254 28/07/2025 16/11/2016 كتب
Implemented & Customized by: BBB with SCIT (Smart Chains for Information Technology)

Powered by Koha